HUMAN ANATOMY AND PHYSIOLOGY (V N RAJE ) (Record no. 268409)

MARC details
000 -LEADER
fixed length control field 00319pam a2200133a 44500
008 - FIXED-LENGTH DATA ELEMENTS--GENERAL INFORMATION
fixed length control field 230405s2022 xxu||||| |||| 00| 0 eng d
041 ## - LANGUAGE CODE
Language code of text/sound track or separate title ENG
100 ## - MAIN ENTRY--PERSONAL NAME
Personal name V N RAJE
245 ## - TITLE STATEMENT
Title HUMAN ANATOMY AND PHYSIOLOGY (V N RAJE )
250 ## - EDITION STATEMENT
Edition statement 1
260 ## - PUBLICATION, DISTRIBUTION, ETC.
Place of publication, distribution, etc. NEW DELHI
Name of publisher, distributor, etc. CBS PUBLISHERS
Date of publication, distribution, etc. 2022
300 ## - PHYSICAL DESCRIPTION
Extent 189
906 ## - LOCAL DATA ELEMENT F, LDF (RLIN)
a 2970
Holdings
Withdrawn status Lost status Damaged status Not for loan Collection Home library Current library Date acquired Source of acquisition Cost, normal purchase price Total Checkouts Barcode Date due Date last seen Date last checked out Price effective from Koha item type
          College of Pharmacy, Kolhapur College of Pharmacy, Kolhapur 14/04/2023 BHARATI MADHYVARTI SAHAKARI GRAHAK BHANDAR LTD 260.00 3 PCK-DI-670 16/05/2026 16/05/2026 16/05/2026 14/04/2023 Book
          College of Pharmacy, Kolhapur College of Pharmacy, Kolhapur 14/04/2023 BHARATI MADHYVARTI SAHAKARI GRAHAK BHANDAR LTD 260.00 1 PCK-DI-669   18/01/2024 17/01/2024 14/04/2023 Book